| 000 | 00818nam a2200241 i 4500 | ||
|---|---|---|---|
| 001 | 142552 | ||
| 003 | ES-MaACL | ||
| 005 | 20250809063523.0 | ||
| 007 | t| | ||
| 008 | 071008s1975 sp ||||1| spa d | ||
| 020 | _a84-500-7530-0 | ||
| 080 | _a325.2(46:65)"18" | ||
| 080 | _a325.1(65:46)"18" | ||
| 100 | 1 |
_aVilar, Juan Bautista, _d1941-2018 _9114797 |
|
| 245 | 1 | 0 |
_aEmigración española a Argelia (1830-1900) _b: colonización hispánica de la Argelia francesa / _cJuan Bautista Vilar. |
| 260 |
_aMadrid : _bInstituto de Estudios Africanos, _c1975. |
||
| 300 |
_aVIII, 537 p. ; _c24 cm. |
||
| 586 | _aPremio "África" de Literatura 1975 | ||
| 650 | 4 |
_aEspañoles- _zArgelia. _9163090 |
|
| 710 | 2 |
_aInstituto de Estudios Africanos. _94881 |
|
| 852 |
_aES-MaACL _jA-7090 |
||
| 999 |
_c142552 _d142552 |
||